000 00503nam a22001937a 4500
999 _c5546
_d5546
003 GBCCL
005 20241126110544.0
008 180327b ||||| |||| 00| 0 eng d
020 _a0882438964
040 _cgbc
082 _a248.85
_bKIP
100 _aKipp, Maxine
_910014
245 _aLiving life to the fullest /
_cMaxine Kipp
260 _aSpringfield:
_bRadiant Books,
_c1980
300 _a158 p.;
_c18 cm.
650 _aOlder People
_95036
650 _aChristian life
_9183
942 _2ddc
_cBK
_03